000 005280000a22001810004500
005 20231108144210.0
008 230817t2000 ||||| |||| 00| 0 eng d
020 _a9556250085
080 _a297.37
_bNEE
245 _aThe Need for Ijitihad or intellectual reasoning
260 _aColombo :
_bMuslim Women's research and action forum,
_c2000
300 _a87 p. ; 23 cm.
490 _aSeminar series no. 2
650 _aLegislation (Islamic law)
650 _aLaw reform
650 _aIjtihād (Islamic law)-History
942 _cBK
999 _c40
_d40